[Event "Summer Chess Classic B 2018"]
[Site "Saint Louis"]
[Date "2018.05.15"]
[Round "1"]
[White "Dragun, Kamil"]
[Black "Saduakassova, Dinara"]
[Result "1-0"]
[WhiteElo "2591"]
[BlackElo "2484"]
[Annotator "TA"]
[PlyCount "141"]
[EventDate "2018.??.??"]
[EventType "tourn"]
[EventCountry "USA"]
[SourceTitle "playchess.com"]
[Source "ChessBase"]
[SourceQuality "1"]

{[%evp 18,141,11,0,116,122,119,119,113,110,122,118,116,102,100,100,112,81,91,77,87,77,122,70,118,113,144,137,137,136,143,143,143,142,166,129,129,135,124,126,125,106,133,140,147,148,164,127,119,94,107,115,191,185,166,127,139,120,128,97,91,83,86,80,87,87,96,88,97,80,97,97,168,159,160,162,155,161,158,118,182,194,206,206,215,215,215,215,215,215,215,215,257,215,229,215,217,214,218,213,294,290,769,769,720,283,283,255,256,256,675,532,892,885,900,460,458,433,275,266,916,908,827,799,737,657]} 1. d4 Nf6 2. c4 e6 3. Nf3 b6 4. g3 Bb7 5. Bg2 Bb4+ 6. Nbd2 c5 7. a3 Bxd2+ 8. Qxd2 cxd4 {E16: Queen's Indian: 4 g3 Bb7 5 Bg2 Bb4+} 9. Qxd4 Nc6 10. Qh4 {LiveBook: 10 Games} Ne5 (10... Rc8 $11 {remains equal.}) 11. Nxe5 $16 Bxg2 12. Rg1 Qc7 $146 ({Predecessor:} 12... Bb7 13. Bg5 Qc7 14. Bxf6 gxf6 15. Qxf6 Rf8 16. Rc1 {1-0 (38) Xu,Y (2523)-Zhou,W (2635) China 2016}) 13. Ng4 Nxg4 14. Qxg4 Bb7 15. Qxg7 O-O-O 16. Be3 d6 17. Qc3 e5 18. Rc1 Kb8 19. f3 Qd7 20. Qb4 (20. a4 $16) 20... Rc8 21. Rd1 Rc6 22. a4 Qe6 23. b3 f5 24. a5 bxa5 25. Qxa5 Ra6 26. Qc3 Re8 27. Ra1 Rxa1+ 28. Qxa1 a6 29. Qd1 h5 30. Qd2 Rg8 31. Kf2 h4 32. Bg5 hxg3+ 33. hxg3 Rh8 34. Rd1 Rh5 (34... f4 $16) 35. Bh4 $18 Rh6 36. Qg5 {Black must now prevent Qd8+.} e4 37. Qf4 {Strongly threatening Be7!} Ka8 38. b4 Rh8 39. Qxd6 Qxc4 40. Qd4 Qxd4+ 41. Rxd4 exf3 42. exf3 $16 {[%mdl 4096] Endgame KRB-KRB} Rc8 43. Bg5 Rc2+ 44. Bd2 Rb2 {[#]} (44... Bc8 $16 45. Ke3 Kb7) 45. g4 $1 $18 fxg4 46. fxg4 Bc8 47. g5 Bf5 48. Rd5 Be4 (48... Bb1 $16 {might work better.} 49. Rd6 Kb7) 49. Rd6 Kb7 50. Ke3 Bc6 51. g6 Rb3+ 52. Kf4 Rf3+ 53. Kg4 Rf2 54. Bf4 Bb5 55. Rd4 {[#] Hoping for g7.} Ba4 56. g7 Bb3 57. Rd8 Rg2+ 58. Bg3 Rb2 59. Kf3 Kc6 $2 (59... Bc4 60. Bf4 Be2+ 61. Kg3 Bc4) 60. Be1 Rb1 61. Kf2 $2 (61. Ke2 Bc4+ 62. Kf2 Rb2+ 63. Kf3) 61... Rb2+ 62. Kf1 Bc4+ 63. Kg1 {And now Rc8+ would win.} Rb1 $2 (63... Kb5 64. g8=Q Bxg8 65. Rxg8 Re2 66. Rg5+ Kc4 67. Rg4+ Kd5) 64. Kf2 {Rc8+ is the strong threat.} Rb2+ 65. Kf3 Rb3+ 66. Kf4 {Threatening mate with Rc8+.} Kb5 67. g8=Q Bxg8 68. Rxg8 Kc4 $2 (68... Rd3 69. Rg5+ Kc4 70. Rc5+ Kb3) 69. Ke4 {White is clearly winning.} Rb1 70. Rc8+ Kb5 71. Bd2 {Precision: White = 73%, Black = 52%.} 1-0

[Event "Summer Chess Classic B 2018"]
[Site "Saint Louis"]
[Date "2018.05.15"]
[Round "1"]
[White "Belous, Vladimir"]
[Black "Ali Marandi, Cemil Can"]
[Result "0-1"]
[WhiteElo "2568"]
[BlackElo "2530"]
[Annotator "TA"]
[PlyCount "50"]
[EventDate "2018.??.??"]
[EventType "tourn"]
[EventCountry "USA"]
[SourceTitle "playchess.com"]
[Source "ChessBase"]
[SourceQuality "1"]

{[%evp 18,50,14,14,30,42,37,18,19,22,31,27,20,18,35,22,7,33,37,27,30,12,0,0,17,0,7,7,65,0,5,-410,-404,-402,-387]} 1. Nf3 Nf6 2. d4 d5 3. c4 c6 4. e3 e6 5. Nc3 Nbd7 6. Bd3 dxc4 7. Bxc4 b5 8. Be2 Bb7 9. O-O a6 10. e4 b4 {D47: Semi-Slav: Meran System} (10... c5 11. d5 exd5 12. e5 Ne4 13. Nxd5 Nb6 14. Nxb6 Qxb6 15. Be3 Be7 16. a4 Qc6 17. e6 Nd6 18. axb5 axb5 19. Rxa8+ Bxa8 {0-1 (28) Aleksandrov,A (2615)-Bukavshin,I (2657) Khanty-Mansiysk 2015}) 11. e5 bxc3 12. exf6 Nxf6 {The position is equal.} 13. bxc3 Bd6 14. Rb1 Qc7 15. c4 {c5 is the strong threat.} c5 16. dxc5 Bxc5 17. Bf4 Qc8 18. Ne5 $146 {[#] Hoping for Rxb7.} ({Predecessor:} 18. Bd6) 18... O-O 19. Bf3 Ra7 20. Qe2 Nd7 21. Nd3 Bxf3 22. Qxf3 Be7 (22... Qa8 $11) 23. c5 ({White should play} 23. Rfc1 $14) 23... e5 $1 $11 {[%cal Be6e5,Be5f4][%mdl 32]} 24. Qe3 $2 {[%mdl 8192] [#]} (24. Rfe1 $11 {and White has nothing to worry.} Bxc5 25. Nxe5 (25. Bxe5 Nxe5 26. Rxe5 Rc7 $11)) 24... Bxc5 $19 25. Nxc5 exf4 {Precision: White = 46%, Black = 70%.} 0-1

[Event "Summer Chess Classic B 2018"]
[Site "Saint Louis"]
[Date "2018.05.15"]
[Round "1"]
[White "Friedel, Joshua"]
[Black "Ramirez, Alejandro"]
[Result "1/2-1/2"]
[WhiteElo "2562"]
[BlackElo "2572"]
[Annotator "TA"]
[PlyCount "146"]
[EventDate "2018.??.??"]
[EventType "tourn"]
[EventCountry "USA"]
[SourceTitle "playchess.com"]
[Source "ChessBase"]
[SourceQuality "1"]

{[%evp 16,146,14,16,29,25,21,18,57,48,82,37,39,30,30,5,18,2,10,8,30,38,37,36,40,27,10,14,15,-91,-97,-116,-54,-72,-46,-52,-31,-90,-102,-131,-48,-60,-47,-44,-57,-47,-51,-109,-101,-101,-93,-106,-96,-90,-92,-93,-98,-89,-100,-88,-91,-92,-40,-53,-28,-28,-28,-28,-28,-28,-28,-28,-28,-28,-28,-28,-28,-28,-28,-28,-28,-59,-59,-59,-59,-59,-8,-31,-30,-37,-37,-59,-59,-58,-59,-52,-52,-59,-59,-59,-59,-59,-59,-59,-59,-59,-59,-59,-59,-59,-45,-59,-17,-59,-8,-8,-8,-8,-8,-8,-8,-8,-8,-8,-8,-8,-8,-8,-8,-8,-8,-8,-8]} 1. d4 Nf6 2. c4 c6 3. Nf3 d5 4. Nc3 a6 5. Qc2 g6 6. e4 {D15: Slav Defence: 4 Nc3 a6 and gambit lines after 4 Nc3 dxc4} dxe4 7. Nxe4 Bg7 8. Be2 O-O 9. O-O {LiveBook: 4 Games} Bf5 10. Nxf6+ Bxf6 11. Qb3 Qc7 12. h3 Nd7 $146 ({Predecessor:} 12... c5 13. d5 {1-0 (36) Grischuk,A (2795)-Morozevich,A (2724) Moscow 2014}) 13. Rd1 b5 14. Bh6 Rfc8 15. c5 Be6 16. Qe3 Bd5 17. Bf4 Qa7 18. a4 Qb7 19. b4 Nf8 20. Ra3 Ne6 21. Be5 Rd8 22. Nh2 {[#]} (22. a5 $11) 22... Bxe5 $1 $17 23. dxe5 Bc4 ({Black should play} 23... a5 $17 24. bxa5 b4) 24. Nf3 $15 Rxd1+ 25. Bxd1 Rd8 26. Bc2 {[#]} (26. Be2 $15) 26... a5 $1 $17 {[%mdl 512]} 27. Qe1 (27. bxa5 b4) 27... bxa4 (27... Bd5 $17 28. Bd1 Rb8 29. axb5 axb4) 28. Rxa4 $15 axb4 29. Rxb4 Qa6 30. Qc3 Bd5 31. Be4 ({Better is} 31. Nd4 $15) 31... Bxe4 $17 32. Rxe4 Rd1+ 33. Re1 Rd5 34. Ra1 Qe2 35. Qb4 Rd1+ ({Weaker is} 35... Nxc5 36. Qb8+ Kg7 37. Ra8 $18) 36. Rxd1 Qxd1+ 37. Kh2 Qd5 38. Qb8+ Kg7 (38... Nf8 $17 39. Qa7 Nd7) 39. Qa7 $1 $15 Qxc5 (39... Qd8 {looks sharper.} 40. Qb7 Qe8 41. Qa7 Kf8 42. Kg1 h6) 40. Qxc5 Nxc5 {[%mdl 4096] Endgame KN-KN} 41. Nd4 Nd3 42. Nxc6 Nxf2 43. Nxe7 Nd3 44. Nc6 Kf8 45. g4 Ke8 46. Kg3 Kd7 47. Nd4 Nxe5 48. h4 f6 49. Kf4 Nc6 50. Nb5 Ke6 (50... Nd8 $15) 51. Nc7+ Kd6 52. Nb5+ Ke7 53. Ke4 Nd8 54. Nc7 Ne6 55. Nd5+ Kf7 56. Ne3 Nc7 57. Ng2 Ke6 58. Nf4+ Kd6 59. Ne2 Ne6 60. Nc3 Ng7 61. Kf4 h6 62. Ne4+ Ke6 63. Nc3 h5 64. Ne2 Kd5 (64... Kd6 $15) 65. Kg3 $1 $11 {The position is equal.} Ne6 {next ...Ke4 is good for Black.} 66. gxh5 gxh5 67. Kf2 Ng7 {Threatening ...Ke5.} 68. Kf3 Ke5 {Threatens to win with ...Nf5.} 69. Ng3 f5 {...f4 is the strong threat.} 70. Ne2 Ne6 {Strongly threatening ...f4.} 71. Ng3 $1 Nf4 72. Kf2 Ng6 73. Nxh5 Nxh4 {Precision: White = 63%, Black = 68%.} 1/2-1/2

[Event "Summer Chess Classic B 2018"]
[Site "Saint Louis"]
[Date "2018.05.15"]
[Round "1"]
[White "Aghasaryan, Robert"]
[Black "Stukopin, Andrey"]
[Result "1/2-1/2"]
[WhiteElo "2532"]
[BlackElo "2580"]
[Annotator "TA"]
[PlyCount "60"]
[EventDate "2018.??.??"]
[EventType "tourn"]
[EventCountry "USA"]
[SourceTitle "playchess.com"]
[Source "ChessBase"]
[SourceQuality "1"]

{[%evp 18,60,-14,-23,-8,-16,-15,-14,-10,-22,-14,-28,0,0,0,0,0,0,13,5,10,10,7,0,0,2,6,0,0,0,0,0,4,0,0,0,0,0,0,0,0,0,0,0,0]} 1. d4 Nf6 2. c4 e6 3. Nf3 d5 {[%cal Bd7d5,Bd5c4,Bc4c3][%mdl 32]} 4. g3 Bb4+ 5. Nbd2 dxc4 6. Qc2 {E01: Catalan: Early deviations} b5 7. a4 c6 8. Bg2 a5 9. O-O O-O 10. b3 {LiveBook: 5 Games} c3 11. Nb1 $1 bxa4 12. bxa4 Bb7 13. Rd1 $146 ({Predecessor:} 13. Nxc3 c5 14. dxc5 Nbd7 15. Rd1 Qe7 16. Nb5 {½-½ (16) Yu,Y (2749)-Yilmaz,M (2630) Khanty-Mansiysk 2017}) 13... c5 14. Nxc3 Na6 (14... Nbd7 {feels hotter.} 15. dxc5 Qe7 16. Nb5 Be4 17. Qb2 Nxc5 18. Be3 Rad8) 15. Bg5 {The position is equal.} cxd4 16. Nxd4 Bxg2 17. Kxg2 Bxc3 18. Qxc3 {Strongly threatening Nxe6!} Ne4 $1 {[%cal Re4c3]} 19. Qe3 Nxg5 20. Nf3 Qe7 {[#] ...Nxf3 is the strong threat.} 21. Qxg5 Qxg5 22. Nxg5 Nc5 23. Nf3 Rfd8 24. Rdb1 Rab8 25. Rxb8 Rxb8 $11 {KRN-KRN} 26. Ne5 f6 27. Nc4 Rb4 28. Nxa5 Rxa4 29. Rxa4 Nxa4 30. e4 Nc5 {Precision: White = 83%, Black = 74%.} 1/2-1/2

[Event "Summer Chess Classic B 2018"]
[Site "Saint Louis"]
[Date "2018.05.15"]
[Round "1"]
[White "Abrahamyan, Tatev"]
[Black "Matsenko, Sergei"]
[Result "1/2-1/2"]
[WhiteElo "2354"]
[BlackElo "2563"]
[Annotator "TA"]
[PlyCount "79"]
[EventDate "2018.??.??"]
[EventType "tourn"]
[EventCountry "USA"]
[SourceTitle "playchess.com"]
[Source "ChessBase"]
[SourceQuality "1"]

{[%evp 16,79,17,17,20,24,31,17,16,0,0,0,36,-17,36,34,38,50,78,54,85,48,52,44,50,52,54,52,54,54,54,53,54,54,54,41,74,46,55,25,28,21,60,57,61,61,72,58,68,58,58,50,58,42,17,0,0,0,0,0,8,0,7,0,6,0]} 1. e4 e6 2. d4 d5 3. Nc3 Bb4 4. exd5 exd5 5. Bd3 Nc6 6. a3 Ba5 7. Nge2 Nge7 8. O-O O-O 9. Na4 {LiveBook: 6 Games. C01: French: Exchange Variation} (9. Bg5 f6 10. Be3 Bf5 11. Nf4 Bxc3 12. bxc3 Qd7 13. c4 Bxd3 14. Qxd3 Rad8 15. Rab1 b6 16. Rb5 dxc4 17. Qxc4+ {0-1 (48) Hou,Y (2680)-Mamedyarov,S (2804) Wijk aan Zee 2018}) 9... Bf5 10. Bf4 Qc8 $146 ({Predecessor:} 10... Bxd3 11. Qxd3 Ng6 12. Bg3 Bb6 13. Nxb6 axb6 14. Nc3 Qd7 15. Rfe1 Rac8 16. Re2 {½-½ (23) Alarcia Astiz,C (2331)-Martin Duque,J (2233) Madrid 2014}) 11. b4 {White is slightly better.} Bb6 12. Nxb6 axb6 13. Re1 Qd7 14. Qd2 (14. Bb5 $14) 14... Rfe8 (14... Bxd3 $11 15. Qxd3 Rfe8) 15. Bb5 $14 Ng6 16. Bg3 Re7 17. a4 {[%cal Ba3a4,Ba4a5][%mdl 32]} Qc8 18. Bxc6 bxc6 19. a5 Qa6 20. Nf4 Rxe1+ 21. Qxe1 Bxc2 22. Nxg6 Bxg6 23. Bxc7 bxa5 24. bxa5 Qc8 25. Bd6 h6 26. h3 Qd7 27. Be5 f6 28. Bf4 Qf5 29. Bd6 Qd3 30. Qb4 Kh7 31. Bc5 Qa6 32. Bb6 Re8 33. Qc3 Re6 34. Bc7 Bd3 35. Re1 {The position is equal.} Qc4 36. Rc1 Qxc3 37. Rxc3 Bb5 38. Ra3 {[#] aiming for a6.} Ba6 39. Rb3 Bb5 40. Ra3 {Precision: White = 47%, Black = 57%.} 1/2-1/2

[Event "Summer Chess Classic B 2018"]
[Site "Saint Louis"]
[Date "2018.05.16"]
[Round "2"]
[White "Dragun, Kamil"]
[Black "Abrahamyan, Tatev"]
[Result "1-0"]
[WhiteElo "2591"]
[BlackElo "2354"]
[Annotator "TA"]
[PlyCount "141"]
[EventDate "2018.??.??"]
[EventType "tourn"]
[EventCountry "USA"]
[SourceTitle "playchess.com"]
[Source "ChessBase"]
[SourceQuality "1"]

{[%evp 26,141,12,8,19,11,8,20,54,56,150,143,138,0,0,0,50,0,98,90,121,121,119,115,124,123,142,141,141,141,141,141,141,133,134,134,134,161,166,150,133,107,107,107,107,107,107,107,107,107,107,107,107,107,107,107,107,107,107,107,107,0,107,107,107,107,107,107,107,107,107,107,107,13,13,0,14,14,14,14,14,14,20,21,28,28,206,206,29962,29963,29962,29959,29959,29959,29958,29960,29955,29956,29943,29947,29941,12771,2893,121,121,121,29976,29976,29976,29977,29977,29978,29978,29978,29979,29979,29979,29980]} 1. d4 Nf6 2. c4 e6 3. Nf3 b6 4. g3 Bb7 5. Bg2 Be7 6. Nc3 Ne4 7. Bd2 Bf6 8. O-O O-O 9. Rc1 d6 10. d5 Nxc3 11. Bxc3 Bxc3 12. Rxc3 e5 13. e4 a5 14. b3 {LiveBook: 3 Games. E18: Queen's Indian: Old Main Line (4 g3 Bb7 5 Bg2 Be7 6 0-0 0-0 7 Nc3)} (14. Nd2 Nd7 15. f4 Qe7 16. Nf3 f6 17. Re1 Nc5 18. Rce3 Bc8 19. Qc2 Bd7 20. b3 Rfb8 21. a3 b5 22. cxb5 Rxb5 {1-0 (55) Nakamura,H (2785)-Anton Guijarro,D (2650) Caleta 2017}) 14... Nd7 15. Ne1 Qe7 16. Nc2 {The position is equal.} g6 17. f4 $146 {[%cal Bf2f4,Bf4f5][%mdl 32]} ({Predecessor:} 17. Re3 Kg7 18. Bh3 Bc8 19. Na3 Nc5 20. Bxc8 Raxc8 21. Nb5 f5 22. exf5 gxf5 {1-0 (53) Renman,N (2425)-Bergstrom,C (2420) Norrkoeping 1988}) 17... f5 ({Black should try} 17... Nf6 $14) 18. exf5 $16 Rxf5 19. Ne3 (19. Re3 $16) 19... Rff8 $11 20. f5 Nf6 21. h4 e4 (21... Bc8 $11) 22. Qd4 Rae8 23. Rc2 $1 $36 {[%cal Rc2f2][%mdl 2048] Strongly threatening Rcf2. White is in control.} Bc8 24. fxg6 hxg6 25. Rcf2 Ng4 26. Nxg4 Bxg4 27. Qxe4 Qxe4 28. Rxf8+ Rxf8 29. Bxe4 Rxf1+ 30. Kxf1 $16 {[%mdl 4096] Endgame KB-KB} Kf7 31. Kf2 Kf6 32. Ke3 g5 33. Bc2 gxh4 34. gxh4 Bh5 35. Bd3 Bd1 36. Kf4 Bh5 37. a3 {[%cal Ba2a3,Ba3b4][%mdl 32]} Bd1 38. b4 axb4 39. axb4 Bh5 40. Ke3 Bg4 41. Be2 Bf5 42. Kf4 Bc2 43. Ke3 Bf5 $1 44. Bf3 Bc2 45. Kd4 Bf5 46. Be2 Bc2 47. Bg4 Bb1 48. Kc3 Be4 49. Kb3 (49. Bd1 $16) 49... Bd3 $11 50. Kc3 Bf1 51. Kd4 Kg6 $1 52. Bf3 Kf5 53. Bd1 Kf4 54. Kc3 Ke5 55. Bc2 {Bd3 is the strong threat.} b5 $2 (55... Be2 $11 {and Black has nothing to worry.}) 56. cxb5 $18 Kxd5 $2 (56... Bxb5 $18 57. h5 Kf6) 57. h5 {[%cal Bh4h5,Bh5h6][%mdl 32]} Ke6 58. Bd3 Bg2 59. h6 Kf6 60. Kd4 Bb7 61. Bc2 Kf7 62. Be4 Bc8 63. Kc4 Kf6 64. Bd3 $2 (64. b6 $18 {and White stays clearly on top.} Ba6+ 65. Kd5 (65. b5 Bxb5+ 66. Kxb5 cxb6 $11) 65... cxb6 66. Kxd6) 64... Be6+ $16 65. Kd4 Bb3 $2 {[%mdl 8192]} (65... Bf7 $16 66. Bf5 Bb3) 66. Bc4 $1 {[%cal Rc4b3] White mates.} Bd1 67. h7 $1 {[%cal Rh7h8]} Kg7 68. Kd5 Bf3+ {[#]} 69. Ke6 $1 Bg4+ {[#]} 70. Ke7 $1 {[%cal Re7d8]} Bf3 71. Kd7 {Precision: White = 71%, Black = 59%.} 1-0

[Event "Summer Chess Classic B 2018"]
[Site "Saint Louis"]
[Date "2018.05.16"]
[Round "2"]
[White "Stukopin, Andrey"]
[Black "Belous, Vladimir"]
[Result "1-0"]
[WhiteElo "2580"]
[BlackElo "2585"]
[Annotator "TA"]
[PlyCount "79"]
[EventDate "2018.??.??"]
[EventType "tourn"]
[EventCountry "USA"]
[SourceTitle "playchess.com"]
[Source "ChessBase"]
[SourceQuality "1"]

{[%evp 11,79,9,27,9,14,19,18,0,15,6,15,15,12,7,23,-13,-18,-16,104,102,105,90,100,0,0,0,0,0,0,5,8,0,0,0,0,0,0,0,0,0,48,46,465,465,469,469,468,464,438,392,406,394,391,329,348,364,344,272,282,0,0,0,0,0,5289,12835,12836,12836,12837,12837]} 1. e4 e5 2. Bc4 Nf6 3. Nc3 Nc6 4. d3 Bc5 5. Nf3 O-O 6. O-O a6 {LiveBook: 5 Games} 7. Nd5 {C55: Two Knights: 4 d3, 4 d4 exd4 5 e5 and Max Lange Attack} Nxd5 8. Bxd5 d6 9. Be3 {The position is equal.} (9. c3 {with more complications.} h6 10. b4 Ba7 11. a4 Qf6 12. Be3) 9... Bxe3 10. fxe3 Ne7 (10... Nb8 11. b4 Nd7 12. Qd2 c6 13. Bb3 a5 {1-0 (37) Kramnik,V (2800)-Aronian,L (2794) Berlin 2018}) 11. Bb3 {aiming for Ng5.} Ng6 12. Qe1 Be6 $146 ({Predecessor:} 12... Qe7 13. h4 {0-1 (49) Van Dosselaer,M (1126)-Thurrott,A (1520) LSS email 2009}) 13. h4 Bxb3 14. axb3 f5 (14... h6 $11) 15. exf5 $16 Rxf5 16. Qb4 Rb8 17. e4 (17. Qg4 $16 Qd7 18. h5) 17... Rf7 $11 18. Ng5 Rxf1+ 19. Rxf1 b5 $1 20. Qa5 Rb6 21. b4 h6 22. Qa2+ d5 $1 23. Nf7 $36 {[%mdl 2048] White has some pressure.} Qxh4 24. Qxd5 {Threatening mate with Ng5+.} Kh7 25. Qd8 $1 {[%cal Rd8h4]} ({Much weaker is} 25. Nxe5 Nf4 $17) 25... Qg4 {White must now prevent ...Re6.} 26. Rf3 $1 {Nxh6! is the strong threat.} (26. Qxc7 $2 Re6 $19) 26... Re6 $2 {[%mdl 8192] [#]} (26... Qh4 $14) 27. Nxh6 $1 $18 {[%mdl 512]} Kxh6 (27... gxh6 28. Rf7#) 28. Rh3+ Qxh3 29. gxh3 {[%mdl 4096] Endgame KQ-KRN} Rc6 30. c3 Rd6 31. Qxc7 Rxd3 32. Qb6 Kg5 33. Qxa6 Nf4 34. Qxb5 Kh4 {intending ...Kg3.} 35. Qxd3 $2 (35. Kf2 $18 g5 36. Qe8 (36. Qxe5 Rd2+ 37. Kg1 Rd1+ 38. Kh2 Rd2+ 39. Kg1 Rd1+ 40. Kh2 Rd2+ 41. Kg1 $11) 36... Rxh3 37. Qe7) 35... Nxd3 $11 36. b5 $1 {[%cal Bb4b5,Bb5b6,Bb6b7][%mdl 32] Hoping for b4.} Nc5 ({But not} 36... Kxh3 $2 37. b4 $18) 37. b6 {Threatens to win with b4.} Nd7 $2 {[%mdl 8192]} (37... Kg3 $11) 38. b7 $18 {White is clearly winning.} Kg3 {[#]} 39. c4 $1 {[%cal Bc3c4,Bc4c5][%mdl 32]} Kf4 {[#]} 40. c5 $1 {[%mdl 512] Precision: White = 60%, Black = 57%.} 1-0

[Event "Summer Chess Classic B 2018"]
[Site "Saint Louis"]
[Date "2018.05.16"]
[Round "2"]
[White "Ramirez, Alejandro"]
[Black "Aghasaryan, Robert"]
[Result "1/2-1/2"]
[WhiteElo "2572"]
[BlackElo "2532"]
[Annotator "TA"]
[PlyCount "75"]
[EventDate "2018.??.??"]
[EventType "tourn"]
[EventCountry "USA"]
[SourceTitle "playchess.com"]
[Source "ChessBase"]
[SourceQuality "1"]

{[%evp 22,75,4,13,23,13,19,13,14,11,76,89,71,83,74,75,73,72,82,27,36,54,56,36,42,0,0,-38,-38,-22,-32,-27,0,0,0,0,0,-60,-56,-78,-19,-13,0,-20,-27,-31,-44,-54,0,0,0,-51,0,0,0,-44]} 1. c4 Nf6 2. Nf3 c5 3. Nc3 d5 4. cxd5 Nxd5 5. g3 Nc6 6. Bg2 Nc7 7. O-O e5 8. Ne1 Bd7 9. Nd3 Bd6 {A34: Symmetrical English: 2 Nc3, lines with ...d5} 10. Ne4 Qe7 11. b3 O-O 12. Bb2 {LiveBook: 3 Games} Rad8 $146 ({Predecessor:} 12... Rae8 13. Rc1 b6 14. b4 Nxb4 15. Nxb4 cxb4 16. d4 Bb5 17. Qc2 {1-0 (27) Kharlov,A (2638)-Korotylev,A (2564) Moscow 2002}) 13. Rc1 {[%cal Rd3c5]} Ne6 14. f4 exf4 15. gxf4 {[%cal Bg3f4,Bf4f5][%mdl 32]} Bc7 (15... f5 $11 16. Nxd6 Qxd6) 16. e3 $16 ({But not} 16. Nexc5 $6 Nxc5 17. Nxc5 Bb6 $11) 16... b6 17. f5 Qh4 18. Ng3 $1 Ng5 19. Rc4 Qh6 20. Qh5 (20. Nh5 $16 f6 21. h4) 20... Bxg3 21. Qxh6 gxh6 22. hxg3 {Black must now prevent Bf6.} Na5 {[#] ...Bb5 is the strong threat.} 23. Nf4 {aiming for Nd5!} Bxf5 24. Nd5 Rxd5 $1 25. Bxd5 Nxc4 26. bxc4 Be6 27. e4 Bxd5 28. exd5 $11 {[%mdl 4096] Endgame KRB-KRN} Re8 29. Bf6 (29. Kg2 $11) 29... Re2 $1 $15 {[%cal Re2d2]} 30. d3 Kf8 ({Don't blunder} 30... Rxa2 $2 31. d6 $18) (30... Nh3+ $17 31. Kh1 Kf8) 31. Rf5 $11 Re3 32. Kf2 Rxd3 {And now ...Ne4+ would win.} 33. Ke2 $1 {[%cal Re2d3]} Rxg3 {Hoping for ...Ne4.} 34. Re5 $1 Rg2+ 35. Ke3 Rg3+ 36. Ke2 Rg2+ (36... Nf3 $1 $15 37. Re4 {[#]} Nd4+ $1 {[%mdl 512]} 38. Bxd4 cxd4) 37. Ke3 Rg3+ 38. Ke2 {Precision: White = 64%, Black = 59%.} 1/2-1/2

[Event "Summer Chess Classic B 2018"]
[Site "Saint Louis"]
[Date "2018.05.16"]
[Round "2"]
[White "Matsenko, Sergei"]
[Black "Friedel, Joshua"]
[Result "1/2-1/2"]
[WhiteElo "2563"]
[BlackElo "2562"]
[Annotator "TA"]
[PlyCount "105"]
[EventDate "2018.??.??"]
[EventType "tourn"]
[EventCountry "USA"]
[SourceTitle "playchess.com"]
[Source "ChessBase"]
[SourceQuality "1"]

{[%evp 12,105,22,15,14,24,24,22,16,2,11,0,10,6,6,6,13,0,0,0,14,27,27,-2,0,0,39,43,36,39,38,48,34,23,57,59,59,58,54,57,58,54,57,51,72,0,0,0,0,0,0,0,0,0,0,0,0,0,0,0,0,0,0,0,0,0,0,0,0,0,0,0,172,172,172,172,172,172,172,172,172,172,172,172,187,0,0,0,0,0,0,0,0,0,0,0]} 1. Nf3 Nf6 2. c4 e6 3. g3 d5 4. Bg2 dxc4 5. O-O a6 6. Qc2 {A13: English Opening: 1...e6} (6. a4 Nc6 7. Qc2 Na5 8. Na3 Qd5 9. Rd1 Bd7 10. d4 Qf5 11. Bd2 Qxc2 12. Nxc2 Nb3 13. Ra2 Bc6 14. Ne5 Bd5 {½-½ (68) So,W (2810)-Ding,L (2777) Tbilisi 2017}) 6... b5 7. Ne1 {LiveBook: 7 Games} c6 $146 ({Predecessor:} 7... Nd5 8. d3 cxd3 9. Nxd3 Bb7 10. Rd1 Nd7 11. Nc3 Bd6 12. Nxd5 exd5 13. Nf4 c6 {½-½ (35) Bocharov,D (2583)-Esipenko,A (2571) Taganrog 2018}) 8. d3 cxd3 9. Nxd3 Be7 10. a4 {[#] aiming for axb5.} Bb7 11. Nd2 {[%cal Bb1d2,Bd2b3,Bb3c5][%mdl 32]} O-O 12. Nb3 Nbd7 13. Rd1 Qc7 14. Ndc5 Nxc5 15. Nxc5 Rac8 16. Bf4 e5 17. Bd2 Bxc5 18. Qxc5 Rfe8 19. axb5 axb5 20. Ba5 $36 {[%mdl 2048] White is more active.} Qe7 $1 {[%cal Re7c5]} 21. Qxe7 Rxe7 22. Bd8 Rd7 23. Bxf6 $1 Rxd1+ 24. Rxd1 gxf6 $14 {[%mdl 4096] Endgame KRB-KRB} 25. Rd7 Ba8 26. Ra7 $1 Rb8 27. Rc7 Kg7 28. Bxc6 (28. Be4 $16) 28... Bxc6 $11 29. Rxc6 $16 {KR-KR} Rd8 $1 30. Rb6 Rd2 31. Rxb5 Rxe2 32. Kf1 Rc2 33. b4 {[%cal Bb2b4,Bb4b5,Bb5b6,Bb6b7][%mdl 32]} Rb2 34. Rb8 f5 35. b5 e4 36. b6 Kf6 37. Ke1 Ke7 38. b7 Kf6 39. Kd1 f4 40. Kc1 Rb6 41. Kd2 e3+ $2 (41... Kf5 $11 {and Black stays safe.}) 42. fxe3 $18 fxe3+ 43. Kxe3 Kg7 44. g4 h6 45. Ke4 {Threatens to win with Kd5.} Rb1 46. h3 Rb2 47. h4 Rb1 48. h5 $2 (48. Ke5 $18) 48... Rb2 {The position is equal.} 49. Kf4 Rb4+ 50. Kf5 {[#] Hoping for Ke5.} Rb5+ 51. Ke4 Rb1 52. Kf5 {And now Ke5 would win.} Rb5+ 53. Ke4 {Precision: White = 72%, Black = 83%.} 1/2-1/2